Ensayos Políticos

Збережено в:
Бібліографічні деталі
Автор: Hume, David (Автор)
Формат: Книга
Мова:Іспанська
Опубліковано: San José Universidad Autónoma de Centro América 1987
Серія:Colección Clásicos de la Democracia
Предмети:
Теги: Додати тег
Немає тегів, Будьте першим, хто поставить тег для цього запису!

MARC

LEADER 00000nam a2200000 a 4500
001 UCX5484
003 CL-VaPUC
005 20211214074151.0
008 921120e19870000CR |||||||||||||||||spa|d
999 |c 225720  |d 225718 
040 |c Pontificia Universidad Católica de Valparaíso 
082 0 4 |a 321  |b HUM  |2 21 
100 |a Hume, David  |e author  |9 858138 
245 1 0 |a Ensayos Políticos 
260 |a San José  |b Universidad Autónoma de Centro América  |c 1987 
300 |a 224 p 
490 0 |a Colección Clásicos de la Democracia 
583 |a last modification  |c 19921120 00:00:00  |k Rodrigo Vera 
650 0 |a Política  |9 255312 
650 0 |a Estado  |9 255503 
650 7 |a PODER  |2 CL-VaPUC  |9 321763 
852 |a BIBCUR 
942 |c BK  |2 ddc 
945 |d 19921120 00:00:00 
952 |0 0  |1 0  |4 0  |6 321_000000000000000_HUM_1987  |7 0  |8 A  |9 223482  |a BIBHIS  |b BIBHIS  |d 2019-11-15  |i 2923041  |o 321 HUM 1987  |p 2923041  |r 2025-01-20  |w 2019-11-15  |y BK  |k HIS